| 000 | 00894cab a2200265 4500 | ||
|---|---|---|---|
| 001 | WB2904-74 | ||
| 008 | 090401t1993 xxu||||| |||| 00| 0 eng d | ||
| 035 | _a(Sirsi) u38648 | ||
| 041 | _aeng | ||
| 245 | _aTime bombs for profession | ||
| 260 | _c1993 | ||
| 350 | _a0 | ||
| 490 |
_aRICS Press Release _v(PR14/93) 22 January 1993 (7) |
||
| 520 | _aReviews a speech made by the RICS President Christopher Jonas to the Central London Branch in which he outlined ways in which the profession should change to meet changing market demands. Text included. | ||
| 650 | _aCENTRAL LONDON BRANCH | ||
| 650 | _aABOUT RICS-RICS MEMBERS | ||
| 650 | _aCAREERS, EDUCATION AND TRAINING | ||
| 650 | _aENFORCEMENT | ||
| 650 | _aMARKET DEMANDS | ||
| 650 | _aMONITORING | ||
| 650 | _aRICS | ||
| 690 | _aMANAGEMENT-BUSINESS MANAGEMENT-PROFESSIONAL PRACTICE | ||
| 942 | _n0 | ||
| 948 | _c04/03/1997 | ||
| 999 |
_c24832 _d24832 |
||